The settlement of refugees in Britain
| Contributors: | |
|---|---|
| Format: | Print Book |
| Language: | English |
| Published: |
London
HMSO
1995
|
| In: |
Home Office research study (141)
Year: 1995 |
| Edition: | 1. publ. |
| Availability in Tübingen: | Present in Tübingen. IFK: S XLII 141 UB: KB 8 E 5425 |
| Check availability: | HBZ Gateway |
| Subito Delivery Service: | Order now. |
| Keywords: |
MARC
| LEADER | 00000cam a2200000 c 4500 | ||
|---|---|---|---|
| 001 | 271955511 | ||
| 003 | DE-627 | ||
| 005 | 20251129021532.0 | ||
| 007 | tu | ||
| 008 | 950612s1995 xx ||||| 00| ||eng c | ||
| 020 | |a 0113411456 |9 0-11-341145-6 | ||
| 035 | |a (DE-627)271955511 | ||
| 035 | |a (DE-576)045925267 | ||
| 035 | |a (DE-599)GBV271955511 | ||
| 035 | |a (OCoLC)214905713 | ||
| 035 | |a (OCoLC)32551968 | ||
| 035 | |a (DE-604)8111401550 | ||
| 040 | |a DE-627 |b ger |c DE-627 |e rakwb | ||
| 041 | |a eng | ||
| 245 | 0 | 4 | |a The settlement of refugees in Britain |c by Jenny Carey-Wood ... |
| 250 | |a 1. publ. | ||
| 264 | 1 | |a London |b HMSO |c 1995 | |
| 300 | |a XII, 133 S. | ||
| 336 | |a Text |b txt |2 rdacontent | ||
| 337 | |a ohne Hilfsmittel zu benutzen |b n |2 rdamedia | ||
| 338 | |a Band |b nc |2 rdacarrier | ||
| 490 | 1 | |a Home Office research study |v 141 | |
| 490 | 0 | |a A Home Office Research and Planning Unit report | |
| 583 | 1 | |a Archivierung prüfen |c 20200919 |f DE-640 |z 2 |2 pdager | |
| 655 | 7 | |a Umfrage |0 (DE-588)4005227-8 |0 (DE-627)104768029 |0 (DE-576)208859845 |2 gnd-content | |
| 689 | 0 | 0 | |d g |0 (DE-588)4022153-2 |0 (DE-627)104665513 |0 (DE-576)208942076 |a Großbritannien |2 gnd |
| 689 | 0 | 1 | |d s |0 (DE-588)4017604-6 |0 (DE-627)106329103 |0 (DE-576)208920668 |a Flüchtling |2 gnd |
| 689 | 0 | 2 | |d s |0 (DE-588)4077575-6 |0 (DE-627)104152044 |0 (DE-576)209205709 |a Soziale Situation |2 gnd |
| 689 | 0 | 3 | |a z |2 gnd |a Geschichte 1995 |
| 689 | 0 | |5 (DE-627) | |
| 700 | 1 | |a Carey-Wood, Jenny |0 (DE-627)1239612125 |0 (DE-576)169612120 |4 oth | |
| 810 | 2 | |a Großbritannien |b Home Office |t Home Office research study |v 141 |9 14100 |w (DE-627)167286013 |w (DE-576)013085530 |w (DE-600)441298-9 |x 0072-6435 |7 am | |
| 889 | |w (DE-576)468672621 | ||
| 935 | |i Blocktest | ||
| 951 | |a BO | ||
| ELC | |b 1 | ||
| LOK | |0 000 xxxxxcx a22 zn 4500 | ||
| LOK | |0 001 3311913108 | ||
| LOK | |0 003 DE-627 | ||
| LOK | |0 004 271955511 | ||
| LOK | |0 005 19960513000000 | ||
| LOK | |0 008 950612||||||||||||||||ger||||||| | ||
| LOK | |0 040 |a DE-21 |c DE-627 |d DE-21 | ||
| LOK | |0 852 |a DE-21 | ||
| LOK | |0 852 1 |c KB 8 E 5425 |9 00 | ||
| LOK | |0 935 |a krim | ||
| LOK | |0 936ln |a k7.2.4 | ||
| LOK | |0 939 |a 12-06-95 |b l01 | ||
| LOK | |0 000 xxxxxcx a22 zn 4500 | ||
| LOK | |0 001 3311913175 | ||
| LOK | |0 003 DE-627 | ||
| LOK | |0 004 271955511 | ||
| LOK | |0 005 20090619090516 | ||
| LOK | |0 008 090619||||||||||||||||ger||||||| | ||
| LOK | |0 040 |a DE-21-110 |c DE-627 |d DE-21-110 | ||
| LOK | |0 541 |e 95/296 | ||
| LOK | |0 852 |a DE-21-110 | ||
| LOK | |0 852 1 |c S XLII 141 |m p |9 00 | ||
| LOK | |0 935 |a i110 |a k110 | ||
| LOK | |0 938 |k p | ||
| LOK | |0 939 |a 19-06-09 |b l01 | ||
| ORI | |a SA-MARC-krimdoka001.raw | ||
| SIG | |a IFK: S XLII 141 | ||
| SIG | |a UB: KB 8 E 5425 | ||
| TIM | |a 100019950101_100019951231 |b Geschichte 1995 | ||
